[Event "PRO League Group Stage"]
[Site "chess.com INT"]
[Date "2018.01.31"]
[Round "3"]
[White "Thorfinnsson, Bjorn"]
[Black "Lenic, Luka"]
[Result "1/2-1/2"]
[WhiteTitle "IM"]
[BlackTitle "GM"]
[WhiteElo "2400"]
[BlackElo "2662"]
[WhiteTeam "Reykjavik Puffins"]
[BlackTeam "Ljubljana Turtles"]
[WhiteFideId "2300982"]
[BlackFideId "14603853"]
[EventDate "2018.01.18"]

1. d4 e6 2. Nf3 d5 3. c4 Nf6 4. Nc3 Bb4 5. cxd5 exd5 6. Bg5 O-O 7. e3 c6 8. Bd3
Re8 9. O-O Nbd7 10. Qc2 h6 11. Bh4 Be7 12. Rfe1 Ne4 13. Bxe4 Bxh4 14. Bh7+ Kh8
15. Nxh4 Qxh4 16. Bf5 Nf6 17. Bxc8 Raxc8 18. Qf5 g6 19. Qf3 Kg7 20. Qg3 Qh5 21.
Rac1 Qf5 22. Qf3 Qxf3 23. gxf3 Nd7 24. f4 Nb6 25. b3 a5 26. Na4 Nxa4 27. bxa4 g5
28. fxg5 hxg5 29. Rb1 Rc7 30. Rb6 Kf6 31. Reb1 Ree7 32. Rc1 Kf5 33. Rc5 Ke4 34.
Kg2 f5 35. Rxa5 f4 36. Rb3 f3+ 37. Kg3 Rh7 38. h3 Rh8 39. Rb1 Rch7 40. Rh1 Rh4
41. Ra7 R8h7 42. a5 g4 43. Rxb7 Rxb7 44. Kxh4 gxh3 45. a6 Rh7+ 46. Kg4 Rg7+ 47.
Kh4 Kd3 48. Rxh3 Ke2 49. Rh2 Kf1 50. a7 Rxa7 51. Kg3 Ke2 52. a4 Rxa4 53. Rh1 Ra8
54. Rb1 Rg8+ 55. Kf4 Rf8+ 56. Kg3 Rf6 57. Rb2+ Kd3 58. Ra2 Ke4 59. Rb2 Rg6+ 60.
Kh3 Rg1 61. Kh2 Rg2+ 62. Kh3 Kf5 63. Rd2 Ke6 64. Rc2 Kd6 65. Rb2 Kc7 66. Rc2 Kb6
67. Rb2+ Ka5 68. Rc2 Kb5 69. Rc5+ Kb4 70. Rxc6 Rxf2 71. Kg3 Rf1 72. Rf6 Rg1+ 73.
Kf2 Rh1 74. Rc6 Rh5 75. Kxf3 Rf5+ 76. Ke2 Rh5 77. Rc5 Rf5 78. e4 Rf4 79. Rxd5
Rxe4+ 80. Kd3 Re1 81. Rc5 Re8 82. Rc1 Rd8 83. Rb1+ Ka5 84. Rb2 Ka6 85. Kc4 Rc8+
86. Kd5 Rd8+ 87. Ke5 Re8+ 88. Kf4 Rf8+ 89. Ke4 Re8+ 90. Kd3 Rd8 91. Rb1 Ka5 92.
Rb7 Ka6 93. Rc7 Kb6 94. Rc5 Rh8 95. Kc4 Rh4 96. Rc8 Kb7 97. Rc5 Kb6 98. Kd3 Rh3+
99. Kc4 Rh4 1/2-1/2

[Event "PRO League Group Stage"]
[Site "chess.com INT"]
[Date "2018.01.31"]
[Round "3"]
[White "Thorfinnsson, Bjorn"]
[Black "Skuhala, Luka"]
[Result "1/2-1/2"]
[WhiteTitle "IM"]
[WhiteElo "2400"]
[BlackElo "2059"]
[WhiteTeam "Reykjavik Puffins"]
[BlackTeam "Ljubljana Turtles"]
[WhiteFideId "2300982"]
[BlackFideId "14605678"]
[EventDate "2018.01.18"]

1. d4 Nf6 2. Nf3 e6 3. c4 d5 4. Nc3 Bb4 5. Bg5 h6 6. Bxf6 Qxf6 7. cxd5 exd5 8.
e3 c6 9. Qb3 Bd6 10. Be2 O-O 11. O-O Re8 12. Rfe1 Nd7 13. Bd3 Bf8 14. e4 dxe4
15. Nxe4 Qf4 16. Re3 Re7 17. Rae1 Nb6 18. g3 Qc7 19. Nc5 Rxe3 20. Rxe3 Nd5 21.
Re8 Nf6 22. Ne5 Nxe8 23. Nxf7 Qxf7 24. Bh7+ Kxh7 25. Qxf7 Bxc5 26. Qxe8 Bb4 27.
g4 Ba5 28. f4 Bb6 29. Kg2 Bxd4 30. Qe4+ Kh8 31. Qxd4 Bxg4 32. Kg3 Be6 33. a4 Bd5
34. a5 b6 35. axb6 axb6 36. Qxb6 Rf8 37. Qc7 Rf6 38. Qe5 Rg6+ 39. Kh3 Kh7 40. b4
Rf6 41. f5 Bb3 42. Qc3 Bd5 43. Qe5 Bb3 44. Qc3 Bf7 45. Kg4 Bd5 46. Qe5 Bb3 47.
Qc3 Bd5 48. Qe5 1/2-1/2

[Event "PRO League Group Stage"]
[Site "chess.com INT"]
[Date "2018.01.31"]
[Round "3"]
[White "Agrest, Inna"]
[Black "Admiraal, Miguoel"]
[Result "0-1"]
[WhiteTitle "WIM"]
[BlackTitle "IM"]
[WhiteElo "2280"]
[BlackElo "2453"]
[WhiteTeam "Stockholm Snowballs"]
[BlackTeam "Amsterdam Mosquitoes"]
[WhiteFideId "1708830"]
[BlackFideId "1019716"]
[EventDate "2018.01.18"]

1. e4 c6 2. d4 d5 3. f3 Qb6 4. Nc3 dxe4 5. fxe4 e5 6. Nf3 exd4 7. Nxd4 Nf6 8.
Be2 Bc5 9. Na4 Qa5+ 10. c3 Bxd4 11. Qxd4 O-O 12. Nc5 Nbd7 13. Nxd7 Bxd7 14. O-O
Rad8 15. Qf2 Nxe4 16. Qf4 Nf6 17. b4 Qd5 18. Bf3 Qd3 19. Be3 Qxc3 20. Bxa7 Be6
21. Rac1 Qd2 22. Qxd2 Rxd2 23. Rf2 Rxf2 24. Bxf2 Bxa2 25. b5 Bd5 26. bxc6 bxc6
27. Bd4 Rd8 28. Bxd5 cxd5 29. Kf2 Ne4+ 30. Ke3 Nd6 31. Kd3 Nf5 32. Bf2 h5 33. g3
g5 34. Be1 Kg7 35. Bd2 Kg6 36. Rc6+ f6 37. Bc3 Rd6 38. Rc8 h4 39. gxh4 Nxh4 40.
Bb4 Rd7 41. Bc3 d4 42. Bb4 Nf3 43. h3 Kf5 44. Rc5+ Ne5+ 45. Kd2 Ke4 46. Rc8 Rb7
47. Bd6 Rb2+ 48. Kd1 Rh2 49. Rh8 Kd3 50. Kc1 Rh1+ 51. Kb2 Nc4+ 0-1

[Event "PRO League Group Stage"]
[Site "chess.com INT"]
[Date "2018.01.31"]
[Round "3"]
[White "Agrest, Inna"]
[Black "Van Wely, Loek"]
[Result "0-1"]
[WhiteTitle "WIM"]
[BlackTitle "GM"]
[WhiteElo "2280"]
[BlackElo "2656"]
[WhiteTeam "Stockholm Snowballs"]
[BlackTeam "Amsterdam Mosquitoes"]
[WhiteFideId "1708830"]
[BlackFideId "1000268"]
[EventDate "2018.01.18"]

1. e4 c5 2. Nf3 e6 3. d4 cxd4 4. Nxd4 Nc6 5. Nc3 d6 6. Be3 Nf6 7. h3 a6 8. g4 h6
9. Qd2 Bd7 10. O-O-O b5 11. f3 Rc8 12. Rg1 Ne5 13. h4 g6 14. g5 hxg5 15. Bxg5
Be7 16. a3 Nc4 17. Bxc4 Rxc4 18. f4 Qc7 19. f5 gxf5 20. exf5 e5 21. Bxf6 Bxf6
22. Nd5 Qd8 23. Qg2 Kf8 24. Nf3 Bxf5 25. Ne3 Rf4 26. Ng5 Bxg5 27. hxg5 Be4 28.
Qd2 Rh3 29. Nd5 Rfh4 30. Rg2 Bxg2 31. Qxg2 Rh2 32. Qg3 Qc8 33. c3 Qf5 34. Nb4
Qf4+ 35. Qxf4 exf4 36. Rxd6 f3 37. Nd3 f2 38. Rf6 Rh1+ 0-1

[Event "PRO League Group Stage"]
[Site "chess.com INT"]
[Date "2018.01.31"]
[Round "3"]
[White "Kovalenko, Igor"]
[Black "Abdusattorov, Nodirbek"]
[Result "0-1"]
[WhiteTitle "GM"]
[BlackTitle "IM"]
[WhiteElo "2635"]
[BlackElo "2516"]
[WhiteTeam "Riga Magicians"]
[BlackTeam "Volga Stormbringers"]
[WhiteFideId "14117908"]
[BlackFideId "14204118"]
[EventDate "2018.01.18"]

1. e4 e5 2. Bc4 Nf6 3. d3 c6 4. Nf3 d5 5. Bb3 Bb4+ 6. Bd2 Bxd2+ 7. Qxd2 Qd6 8.
Qg5 O-O 9. Nc3 Re8 10. O-O dxe4 11. Nxe4 Nxe4 12. dxe4 Na6 13. Rad1 Qf6 14. Qxf6
gxf6 15. Rd6 Kg7 16. Nh4 Nc5 17. f3 a5 18. Rfd1 Be6 19. Kf2 Kf8 20. Bxe6 fxe6
21. a3 a4 22. g3 Ke7 23. Ng2 Rec8 24. Ne3 Rc7 25. h4 Rg8 26. Ng4 Rf8 27. Ke2 Rg8
28. Kf2 Rxg4 29. Rd8 Rg7 30. h5 Rd7 31. R1xd7+ Nxd7 32. Ra8 b5 33. g4 Rf7 34.
Ke3 Rf8 35. Ra7 Kd6 36. b3 axb3 37. cxb3 h6 38. a4 bxa4 39. bxa4 Rb8 40. a5 c5
41. Ra6+ Ke7 42. Rc6 Rb3+ 43. Ke2 Ra3 44. a6 c4 45. Rxc4 Rxa6 46. Rc8 Kf7 47.
Rh8 Nf8 0-1

[Event "PRO League Group Stage"]
[Site "chess.com INT"]
[Date "2018.01.31"]
[Round "3"]
[White "Kovalenko, Igor"]
[Black "Gorozhanin, Mikhail"]
[Result "1-0"]
[WhiteTitle "GM"]
[BlackTitle "FM"]
[WhiteElo "2635"]
[BlackElo "2435"]
[WhiteTeam "Riga Magicians"]
[BlackTeam "Volga Stormbringers"]
[WhiteFideId "14117908"]
[BlackFideId "4178262"]
[EventDate "2018.01.18"]

1. e4 e6 2. d4 d5 3. Nd2 Nf6 4. e5 Nfd7 5. c3 c5 6. Bd3 b6 7. f4 Ba6 8. Bxa6
Nxa6 9. Ndf3 Be7 10. Ne2 O-O 11. O-O Nc7 12. g4 f5 13. gxf5 exf5 14. Be3 c4 15.
Kh1 Ne6 16. Rg1 b5 17. a3 a5 18. Qf1 Qe8 19. Qh3 Qf7 20. Ng3 g6 21. Rg2 Kh8 22.
Ne2 b4 23. a4 Rab8 24. Qg3 Qg7 25. Nfg1 Rfd8 26. Qf3 Ndf8 27. Ra2 Rd7 28. Nh3
Nd8 29. Nf2 Nfe6 30. Nd1 Nc6 31. Bf2 Qf7 32. Ne3 bxc3 33. bxc3 Nc7 34. Rg1 Rdd8
35. Qh3 Rb3 36. Bh4 Ne6 37. Bxe7 Nxe7 38. Qh4 Rdb8 39. Rc2 Rb2 40. Rxb2 Rxb2 41.
Ng3 Ng8 42. Rf1 Qb7 43. Kg1 Ra2 44. Qh3 Rxa4 45. Ngxf5 gxf5 46. Qxf5 Ng7 47. Qh3
Qb2 48. f5 Qxc3 49. f6 Ne6 50. f7 Nf6 51. exf6 Nf8 52. Qh6 1-0

[Event "PRO League Group Stage"]
[Site "chess.com INT"]
[Date "2018.01.31"]
[Round "3"]
[White "Dreev, Aleksey"]
[Black "Sargissian, Gabriel"]
[Result "1/2-1/2"]
[WhiteTitle "GM"]
[BlackTitle "GM"]
[WhiteElo "2653"]
[BlackElo "2677"]
[WhiteTeam "San Diego Surfers"]
[BlackTeam "Seattle Sluggers"]
[WhiteFideId "4100107"]
[BlackFideId "13300881"]
[EventDate "2018.01.18"]

1. d4 Nf6 2. Nf3 d5 3. c4 e6 4. Nc3 Be7 5. Bf4 O-O 6. e3 Nbd7 7. Be2 dxc4 8.
Bxc4 c5 9. dxc5 Bxc5 10. O-O a6 11. Bd6 Bxd6 12. Qxd6 Nb6 13. Qxd8 Rxd8 14. Be2
Bd7 15. Ne5 Be8 16. Bf3 Rab8 17. Rfd1 Rxd1+ 18. Rxd1 Kf8 19. h4 Ke7 20. Rd4 Nbd7
21. Nc4 b5 22. Na5 Ne5 23. Bb7 Nc4 24. Nxc4 Rxb7 25. Nd6 Rc7 26. Nxe8 Nxe8 27.
a4 1/2-1/2

[Event "PRO League Group Stage"]
[Site "chess.com INT"]
[Date "2018.01.31"]
[Round "3"]
[White "Dreev, Aleksey"]
[Black "Tiglon, Bryce"]
[Result "1-0"]
[WhiteTitle "GM"]
[BlackTitle "IM"]
[WhiteElo "2653"]
[BlackElo "2385"]
[WhiteTeam "San Diego Surfers"]
[BlackTeam "Seattle Sluggers"]
[WhiteFideId "4100107"]
[BlackFideId "2087456"]
[EventDate "2018.01.18"]

1. d4 Nf6 2. Nf3 d5 3. c4 e6 4. Nc3 dxc4 5. e4 Bb4 6. Bxc4 Nxe4 7. O-O Nxc3 8.
bxc3 Bd6 9. Re1 O-O 10. Qd3 h6 11. Bb3 Nc6 12. Bc2 f5 13. Bb3 Qf6 14. c4 b6 15.
Bb2 Na5 16. Ba4 Ba6 17. Rac1 Rad8 18. Qe2 Qf7 19. Rc2 Kh7 20. Bc1 c6 21. Bg5
Rde8 22. Bd2 Qc7 23. Bxa5 bxa5 24. Ne5 Bxe5 25. Qxe5 Qb6 26. a3 Rd8 27. Rd1 c5
28. d5 exd5 29. cxd5 Bd3 30. Rb2 Qa6 31. Bc6 Rf7 32. h4 c4 33. Rdb1 a4 34. Rb8
Qa5 35. R1b5 Qd2 36. Rxd8 1-0

[Event "PRO League Group Stage"]
[Site "chess.com INT"]
[Date "2018.01.31"]
[Round "3"]
[White "Dudukin, Ilya"]
[Black "Kovalenko, Igor"]
[Result "0-1"]
[WhiteTitle "FM"]
[BlackTitle "GM"]
[WhiteElo "2396"]
[BlackElo "2635"]
[WhiteTeam "Volga Stormbringers"]
[BlackTeam "Riga Magicians"]
[WhiteFideId "4148576"]
[BlackFideId "14117908"]
[EventDate "2018.01.18"]

1. Nf3 c5 2. c4 g6 3. d4 Bg7 4. e4 cxd4 5. Nxd4 Nc6 6. Be3 d6 7. Nc3 Bd7 8. Be2
Nf6 9. O-O O-O 10. Qd2 Nxd4 11. Bxd4 Bc6 12. f3 a5 13. Rac1 Nd7 14. Be3 a4 15.
Nb5 Qa5 16. Rfd1 Qxd2 17. Rxd2 Nc5 18. Nc7 Ra5 19. Nd5 Re8 20. Bd1 Kf8 21. Kf1
Rb8 22. Ke2 h5 23. b4 axb3 24. axb3 Ra3 25. Rb1 Be5 26. g3 h4 27. gxh4 Bxh2 28.
Bc2 Be5 29. f4 Bg7 30. e5 Bxd5 31. Rxd5 Ra2 32. Kd1 Ne6 33. exd6 exd6 34. Rxd6
Ke7 35. Rd5 Bh6 36. Kc1 Bxf4 37. Bxf4 Nxf4 38. Re5+ Kd6 39. Re4 Ne6 40. Rb2 Rxb2
41. Kxb2 f5 42. Re1 Rh8 43. b4 b6 44. c5+ bxc5 45. bxc5+ Nxc5 46. Rg1 Rh6 47. h5
Rxh5 48. Rxg6+ Ke5 49. Bxf5 Rxf5 50. Rg8 Kd4 51. Rg4+ Ne4 52. Rh4 Rb5+ 53. Kc2
Rb6 54. Rg4 Rc6+ 55. Kb2 Kd3 56. Rh4 Rb6+ 57. Kc1 Nf2 58. Rh8 Ne4 59. Rh3+ Kd4
60. Rh4 Rb3 61. Rh8 Rc3+ 62. Kb2 Rc6 63. Rh4 Rc7 64. Rh8 Rd7 65. Kc2 Rd6 66. Rh4
Rg6 67. Kb2 Rg3 68. Kc2 Re3 69. Rh8 Re2+ 70. Kc1 Nc5 71. Rd8+ Kc3 72. Kd1 Rh2
73. Rc8 Kd4 74. Rd8+ Ke3 75. Re8+ Ne4 76. Kc1 Re2 77. Rd8 Rg2 78. Re8 Rf2 79.
Rd8 Nc3 80. Re8+ Kd3 81. Rd8+ Kc4 82. Rc8+ Kd4 83. Rd8+ Nd5 84. Rc8 Nb6 85. Rb8
Nc4 86. Rd8+ Kc3 87. Kd1 Rh2 88. Ke1 Ne5 89. Re8 Kd4 90. Rd8+ Ke3 91. Kd1 Nf3
92. Re8+ Kd3 93. Rd8+ Nd4 94. Ke1 Rg2 95. Kf1 Rg4 96. Ke1 Rf4 97. Rd7 Rf8 98.
Rd6 Ke3 99. Rd7 Re8 100. Kf1 Re4 101. Kg2 Nf5 102. Ra7 Rg4+ 103. Kh3 Rg3+ 104.
Kh2 Rg5 105. Ra3+ Kf2 106. Ra2+ Kf3 107. Ra3+ Ne3 108. Rb3 Rh5+ 109. Kg1 Ra5
110. Kh2 Rg5 111. Ra3 Rb5 112. Kg1 Rb2 113. Kh1 Re2 114. Kg1 Kg3 115. Ra1 Rb2
116. Kh1 Re2 117. Kg1 Nc2 118. Rb1 Nd4 119. Kf1 Rh2 120. Rb8 Rh1# 0-1

[Event "PRO League Group Stage"]
[Site "chess.com INT"]
[Date "2018.01.31"]
[Round "3"]
[White "Dudukin, Ilya"]
[Black "Meskovs, Nikita"]
[Result "1/2-1/2"]
[WhiteTitle "FM"]
[BlackTitle "GM"]
[WhiteElo "2396"]
[BlackElo "2546"]
[WhiteTeam "Volga Stormbringers"]
[BlackTeam "Riga Magicians"]
[WhiteFideId "4148576"]
[BlackFideId "11602740"]
[EventDate "2018.01.18"]

1. Nf3 Nf6 2. c4 e6 3. Nc3 d5 4. d4 c6 5. cxd5 exd5 6. Bg5 Be7 7. Qc2 O-O 8. e3
Re8 9. Bd3 Nbd7 10. O-O Nf8 11. h3 g6 12. Ne5 Ne6 13. Bh6 Ng7 14. g4 Nd7 15. f4
Nf8 16. Kh1 f6 17. Nf3 Be6 18. f5 Bf7 19. Nh4 g5 20. Nf3 Bb4 21. Qf2 c5 22. h4
c4 23. Bc2 gxh4 24. Qxh4 Nd7 25. Rg1 Bf8 26. Rg3 b5 27. Rag1 b4 28. Ne2 b3 29.
axb3 cxb3 30. Bd3 Re4 31. Bxe4 dxe4 32. Nd2 Rc8 33. Nc3 Nc5 34. Rh3 Nd3 35.
Ndxe4 Bd5 36. Rg2 Rxc3 37. Nxc3 Bxg2+ 38. Kxg2 Nxb2 39. Bf4 h5 40. gxh5 Qc8 41.
e4 Nd1 42. h6 Nxc3 43. hxg7 Bxg7 44. Qh7+ Kf8 45. Bd6+ Kf7 46. Qh5+ Kg8 47. Qh7+
Kf7 48. Qg6+ Kg8 49. Qh7+ Kf7 1/2-1/2

[Event "PRO League Group Stage"]
[Site "chess.com INT"]
[Date "2018.01.31"]
[Round "3"]
[White "Meskovs, Nikita"]
[Black "Abdusattorov, Nodirbek"]
[Result "0-1"]
[WhiteTitle "GM"]
[BlackTitle "IM"]
[WhiteElo "2546"]
[BlackElo "2516"]
[WhiteTeam "Riga Magicians"]
[BlackTeam "Volga Stormbringers"]
[WhiteFideId "11602740"]
[BlackFideId "14204118"]
[EventDate "2018.01.18"]

1. d4 Nf6 2. c4 e6 3. Nf3 d5 4. g3 Bb4+ 5. Bd2 Bd6 6. Nc3 O-O 7. b3 dxc4 8. bxc4
c5 9. dxc5 Bxc5 10. Bg2 Nc6 11. O-O Bd7 12. Rb1 b6 13. Bg5 Be7 14. Nb5 Rc8 15.
Bf4 Nh5 16. Be5 Nf6 17. Qd3 a6 18. Nd6 Nxe5 19. Nxe5 Rb8 20. Rfd1 Ba4 21. Rd2
Qc7 22. Qa3 Bc2 23. Rc1 Rbd8 24. c5 Be4 25. cxb6 Qxb6 26. Nec4 Qc7 27. Rcd1 Bxg2
28. Kxg2 Ne4 29. Qxa6 Nxd2 30. Rxd2 Ra8 31. Qb5 Rfd8 32. Ne4 Rxd2 33. Ncxd2 Rxa2
34. Qe8+ Bf8 35. Qb5 Qd8 36. Nf3 Ra5 37. Qb7 h6 38. h4 Qd5 39. Qxd5 Rxd5 40. e3
Ra5 41. Nd4 g6 42. Kf3 Bg7 43. Ne2 Kf8 44. g4 Ke7 45. Nf4 Be5 46. Nd3 Bf6 47.
Kg3 Ra3 48. Nb4 Be5+ 49. Kf3 Bd6 50. Nc6+ Kd7 51. Nd4 Ra5 52. Nf6+ Kc8 53. Ng8
h5 54. g5 Be5 55. Nh6 Bxd4 56. exd4 Kd7 57. Ke4 Ke7 58. Ng8+ Kd6 59. Nh6 Ra7 60.
f4 Rb7 61. Ng8 Rb1 62. Nh6 Ke7 63. Ng8+ Kf8 64. Nf6 Rh1 65. Kf3 Rxh4 66. d5 exd5
67. Nxd5 Rh3+ 68. Ke4 Ra3 69. f5 h4 70. fxg6 fxg6 71. Nf4 Kf7 0-1

[Event "PRO League Group Stage"]
[Site "chess.com INT"]
[Date "2018.01.31"]
[Round "3"]
[White "Meskovs, Nikita"]
[Black "Gorozhanin, Mikhail"]
[Result "1-0"]
[WhiteTitle "GM"]
[BlackTitle "FM"]
[WhiteElo "2546"]
[BlackElo "2435"]
[WhiteTeam "Riga Magicians"]
[BlackTeam "Volga Stormbringers"]
[WhiteFideId "11602740"]
[BlackFideId "4178262"]
[EventDate "2018.01.18"]

1. d4 d5 2. c4 e6 3. Nf3 c6 4. Nc3 dxc4 5. a4 Bb4 6. e3 b5 7. Bd2 a5 8. Be2 Nf6
9. O-O O-O 10. Ne5 Ba6 11. Bf3 Nd5 12. axb5 cxb5 13. Nxd5 exd5 14. Bxb4 axb4 15.
e4 Bb7 16. Rxa8 Bxa8 17. Qa1 dxe4 18. Qxa8 exf3 19. Nxf3 Qb6 20. Qd5 Rd8 21. Re1
h6 22. Qe4 Nd7 23. Qe7 b3 24. h3 Nf6 25. Ne5 Rf8 26. Re3 Qxd4 27. Kh2 Qd8 28.
Qc5 Qd5 29. Qe7 Re8 30. Qc7 h5 31. f4 h4 32. Re1 Rf8 33. Nc6 Qd2 34. Ne7+ Kh7
35. Qe5 Qf2 36. Qf5+ Kh8 37. Re5 Qg3+ 38. Kh1 Rd8 39. Qh5+ Nh7 40. Qxh7+ Kxh7
41. Rh5# 1-0

[Event "PRO League Group Stage"]
[Site "chess.com INT"]
[Date "2018.01.31"]
[Round "3"]
[White "Rosen, Eric"]
[Black "Villanueva, Mario"]
[Result "0-1"]
[WhiteTitle "IM"]
[BlackTitle "IM"]
[WhiteElo "2364"]
[BlackElo "2466"]
[WhiteTeam "Webster Windmills"]
[BlackTeam "Buenos Aires Krakens"]
[WhiteFideId "2032562"]
[BlackFideId "113433"]
[EventDate "2018.01.18"]

1. d4 Nf6 2. Bf4 g6 3. Nc3 d5 4. e3 Bg7 5. h4 h5 6. Nf3 O-O 7. Be2 b6 8. Ne5 c5
9. Bf3 cxd4 10. exd4 Bf5 11. Qe2 e6 12. O-O Qe7 13. a3 Rc8 14. Rfe1 Nbd7 15.
Rac1 Ne8 16. g3 Nd6 17. Qa6 Nxe5 18. Bxe5 Bxe5 19. Rxe5 Qb7 20. Qxb7 Nxb7 21.
Re2 Rc4 22. Rd2 Rac8 23. Be2 Rxc3 24. bxc3 Rxc3 25. a4 Na5 26. Rb1 Ra3 27. Bb5
Kf8 28. Re1 Ke7 29. Re3 Ra1+ 30. Kg2 Kd8 31. Rc3 Nb7 32. Rc6 Ra2 33. Kf3 Ra3+
34. Kf4 Na5 35. Rd6+ Ke7 36. Rd7+ Kf6 37. f3 a6 38. Bxa6 Rxa4 39. g4 e5+ 40. Kg3
Bxd7 41. dxe5+ Kxe5 42. Re2+ Kd6 43. gxh5 gxh5 44. Bd3 Nc4 45. f4 Ra3 46. Kf2
Nb2 47. Re5 Rxd3 48. cxd3 Nxd3+ 0-1

[Event "PRO League Group Stage"]
[Site "chess.com INT"]
[Date "2018.01.31"]
[Round "3"]
[White "Rosen, Eric"]
[Black "Mareco, Sandro"]
[Result "0-1"]
[WhiteTitle "IM"]
[BlackTitle "GM"]
[WhiteElo "2364"]
[BlackElo "2632"]
[WhiteTeam "Webster Windmills"]
[BlackTeam "Buenos Aires Krakens"]
[WhiteFideId "2032562"]
[BlackFideId "112275"]
[EventDate "2018.01.18"]

1. e4 c5 2. Nf3 e6 3. c4 Nc6 4. Be2 Nf6 5. Nc3 Qb6 6. O-O Be7 7. a3 a6 8. Rb1
Qc7 9. d4 cxd4 10. Nxd4 Nxd4 11. Qxd4 Bd6 12. Kh1 b6 13. f4 e5 14. fxe5 Bxe5 15.
Nd5 Nxd5 16. Qxd5 O-O 17. h3 Bb7 18. Qd3 Rae8 19. Bf3 Re6 20. Be3 Bd6 21. Bd4
Bc6 22. Rbe1 Be5 23. Rd1 Rfe8 24. Bxe5 Qxe5 25. b4 R6e7 26. Qd4 Qc7 27. Rfe1 Qb7
28. Re3 h6 29. e5 b5 30. cxb5 axb5 31. Bxc6 dxc6 32. Rf1 Qc7 33. Ref3 Rd8 34.
Qc3 Rd5 35. Rc1 Rdxe5 36. Rff1 R7e6 37. Qg3 Qe7 38. Rfd1 Re3 39. Qb8+ Kh7 40.
Ra1 Qh4 41. Qh2 Re1+ 42. Rxe1 Rxe1+ 43. Rxe1 Qxe1+ 44. Qg1 Qxg1+ 45. Kxg1 Kg6
46. Kf2 Kf5 47. Ke3 Ke5 48. g3 f5 49. h4 g5 50. h5 f4+ 51. Kf3 fxg3 52. Kxg3 Kf5
53. Kh3 Kf4 0-1

[Event "PRO League Group Stage"]
[Site "chess.com INT"]
[Date "2018.01.31"]
[Round "3"]
[White "Holm, Kristian Stuvik"]
[Black "Tari, Aryan"]
[Result "0-1"]
[WhiteTitle "IM"]
[BlackTitle "GM"]
[WhiteElo "2436"]
[BlackElo "2599"]
[WhiteTeam "Oslo Trolls"]
[BlackTeam "Norway Gnomes"]
[WhiteFideId "1508083"]
[BlackFideId "1510045"]
[EventDate "2018.01.18"]

1. Nf3 d5 2. g3 g6 3. Bg2 Bg7 4. O-O e5 5. d3 Ne7 6. e4 O-O 7. exd5 Nxd5 8. Re1
Nc6 9. Nc3 Nde7 10. a4 Bf5 11. a5 Qd7 12. Bd2 Rad8 13. a6 b6 14. Nb5 Bg4 15. Qc1
Nc8 16. Ng5 Nd6 17. Nxd6 cxd6 18. h3 Be6 19. Nxe6 fxe6 20. Bc3 d5 21. Qg5 Rf5
22. Qg4 Rdf8 23. Re2 b5 24. h4 b4 25. Be1 Nd4 26. Rd2 h5 27. Qh3 Bh6 28. Rdd1
Nxc2 29. Ra5 Qc7 30. Rb5 Nxe1 31. Rxe1 Qc2 32. Rf1 Kh8 33. f3 Qxb2 34. Rb7 b3
35. g4 Qd4+ 36. Kh1 hxg4 37. Qg3 gxf3 38. Rxf3 Qa1+ 39. Kh2 Rxf3 40. Qxg6 Bf4+ 0-1

[Event "PRO League Group Stage"]
[Site "chess.com INT"]
[Date "2018.01.31"]
[Round "3"]
[White "Holm, Kristian Stuvik"]
[Black "Fressinet, Laurent"]
[Result "1/2-1/2"]
[WhiteTitle "IM"]
[BlackTitle "GM"]
[WhiteElo "2436"]
[BlackElo "2662"]
[WhiteTeam "Oslo Trolls"]
[BlackTeam "Norway Gnomes"]
[WhiteFideId "1508083"]
[BlackFideId "608742"]
[EventDate "2018.01.18"]

1. Nf3 Nf6 2. c4 g6 3. g3 Bg7 4. Bg2 O-O 5. O-O d6 6. d4 Nc6 7. Nc3 Bf5 8. Bg5
Ne4 9. Nxe4 Bxe4 10. Be3 d5 11. Qa4 dxc4 12. Qxc4 Qd5 13. Rfc1 Rfd8 14. Qa4 Rac8
15. Rd1 Qa5 16. Qxa5 Nxa5 17. Rac1 Nc6 18. a3 a5 19. Kf1 Rd5 20. Bf4 e6 21. e3
Rb5 22. Ne5 Bxg2+ 23. Kxg2 Bxe5 24. Bxe5 Nxe5 25. dxe5 Rxb2 26. Rd7 Kf8 27.
Rcxc7 Rxc7 28. Rxc7 b5 29. Ra7 a4 30. Rb7 Rb3 31. Kf3 Ke8 32. h4 h6 33. g4 Rxa3
34. Rxb5 Rb3 35. Ra5 a3 36. Ra7 Kf8 37. Kg3 Kg7 38. Kf3 h5 39. gxh5 gxh5 40. Kg3
Kg6 41. Kf3 Rb4 42. Kg3 Rb3 43. Kf3 f6 44. exf6 Kxf6 45. Ra5 e5 46. Ra8 Rb4 47.
Rxa3 Rxh4 48. Ra8 1/2-1/2

[Event "PRO League Group Stage"]
[Site "chess.com INT"]
[Date "2018.01.31"]
[Round "3"]
[White "Iturrizaga Bonelli, Eduardo"]
[Black "Fedoseev, Vladimir3"]
[Result "1-0"]
[WhiteTitle "GM"]
[BlackTitle "GM"]
[WhiteElo "2650"]
[BlackElo "2724"]
[WhiteTeam "Miami Champions"]
[BlackTeam "Saint Louis Arch Bishops"]
[WhiteFideId "3901211"]
[BlackFideId "24130737"]
[EventDate "2018.01.18"]

1. c4 c5 2. g3 Nc6 3. Bg2 Nf6 4. Nc3 e6 5. Nf3 d5 6. cxd5 Nxd5 7. O-O Be7 8. b3
O-O 9. Bb2 Nf6 10. Rc1 Qa5 11. d3 Bd7 12. Na4 Rac8 13. Bc3 Qb5 14. Bxf6 gxf6 15.
d4 cxd4 16. Nxd4 Nxd4 17. Qxd4 Bc6 18. Bxc6 Rxc6 19. Qd7 Ba3 20. Rxc6 bxc6 21.
e3 a5 22. Rd1 Kg7 23. Rd4 Qe2 24. Rd2 Qe1+ 25. Kg2 c5 26. Rc2 Qb1 27. Rc4 f5 28.
Nc3 Qa1 29. Nb5 Bb2 30. Qd2 Rb8 31. a4 Ba3 32. Qxa5 Bb4 33. Qc7 Rf8 34. Qd6 Qb1
35. Qe5+ Kg8 36. Nd6 Qxb3 37. e4 fxe4 38. Qg5+ Kh8 39. Qf6+ Kg8 40. Rxe4 Qd5 41.
f3 h5 42. Re5 Qd2+ 43. Kh3 Bc3 44. Rg5+ Qxg5 45. Qxg5+ Bg7 46. Qxc5 Ra8 47. a5
Bf8 48. Qg5+ Bg7 49. Nc4 1-0

[Event "PRO League Group Stage"]
[Site "chess.com INT"]
[Date "2018.01.31"]
[Round "3"]
[White "Iturrizaga Bonelli, Eduardo"]
[Black "Ramirez, Alejandro"]
[Result "1-0"]
[WhiteTitle "GM"]
[BlackTitle "GM"]
[WhiteElo "2650"]
[BlackElo "2568"]
[WhiteTeam "Miami Champions"]
[BlackTeam "Saint Louis Arch Bishops"]
[WhiteFideId "3901211"]
[BlackFideId "6500617"]
[EventDate "2018.01.18"]

1. Nf3 c5 2. c4 Nc6 3. d4 cxd4 4. Nxd4 g6 5. g3 Bg7 6. Nc2 Nf6 7. Bg2 d6 8. Nc3
Bd7 9. O-O Qc8 10. Re1 Bh3 11. e4 h5 12. f3 h4 13. g4 Bxg2 14. Kxg2 h3+ 15. Kh1
Na5 16. Ne3 Nd7 17. Ncd5 e6 18. Bd2 Nc6 19. Bc3 Bxc3 20. Nxc3 Nce5 21. f4 Nxc4
22. Qd4 e5 23. Qxc4 exf4 24. Qd4 Rh4 25. Nc4 Qc5 26. Nxd6+ Ke7 27. Qxc5 Nxc5 28.
Rad1 Rxg4 29. Nd5+ Kf8 30. b4 Na6 31. Rf1 Rd8 32. Nxb7 Rb8 33. Nf6 1-0